Statistiques concernant Coupe du Monde 2022 - Liste Pays-Bas

Cliquez ici pour prendre le quiz!

Statistiques générales

  • Ce quiz a été pris 245 fois
  • Le résultat moyen est 14 sur 27

Statistiques - réponses

PositionTeamRéponse% Correct
MFC BarceloneFrenkie de Jong
94%
APSV EindovhenLuuk de Jong
94%
DLiverpoolVirgil van Dijk
93%
AFC BarceloneMemphis Depay
87%
DManchester CityNathan Aké
84%
DBayern MunichMatthijs de Ligt
80%
DInter MilanDenzel Dumfries
71%
DInter MilanStefn de Vrij
70%
DAjaxDaley Blind
62%
DManchester UnitedTyrell Malacia
56%
MPSV EindovhenCody Gakpo
52%
DBayer LeverkusenJeremie Frimpong
52%
DAjaxJurriën Timber
51%
MPSV EindovhenXavi Simons
51%
MAtalantaMarten de Roon
50%
CoachLouis van Gaal
49%
ABesiktasWout Weghorst
46%
ABrugesNoa Lang
41%
MAjaxSteven Berghuis
41%
MAtalantaTeun Koopmeiners
37%
GAjaxRemko Pasveer
36%
MAjaxDavy Klaassen
30%
AAjaxSteven Bergwijn
30%
GFeyenoordJustin Bijlow
27%
GHeerenveenAndries Noppert
16%
MAjaxKenneth Taylor
15%
AAnversVincent Janssen
10%

Distribution des résultats

Percentile par nombre de réponses

% des personnes avec chaque résultat

Votre développement - résultats

Vous n’avez pas pris ce quiz